Random pairs - countries of the world quiz - Statistics

General Stats
  • This quiz has been taken 24 times
  • The average score is 163 of 196
Answers on the Map
Answers color-coded by a green-red scale on the quiz's map according to % correct below.
 
Answer Stats
Answer % Correct
Brazil
100%
Canada
100%
Cape verde
100%
Central african republic
100%
Costa rica
100%
Cuba
100%
Denmark
100%
Dominican republic
100%
Finland
100%
France
100%
Gabon
100%
Germany
100%
Guatemala
100%
Iceland
100%
Ireland
100%
Liechtenstein
100%
Mexico
100%
Montenegro
100%
Norway
100%
Papua new guinea
100%
Portugal
100%
Republic of the Congo
100%
Russia
100%
Slovakia
100%
Spain
100%
Sweden
100%
United kingdom
100%
United states
100%
Algeria
92%
Andorra
92%
Argentina
92%
Armenia
92%
Australia
92%
Austria
92%
Bolivia
92%
Bosnia and herzegovina
92%
Botswana
92%
Cameroon
92%
Chile
92%
China
92%
Colombia
92%
Croatia
92%
Dominica
92%
Ecuador
92%
Eritrea
92%
Greece
92%
Guyana
92%
Haiti
92%
India
92%
Indonesia
92%
Italy
92%
Japan
92%
Latvia
92%
Lebanon
92%
Lesotho
92%
Madagascar
92%
Moldova
92%
Mozambique
92%
Nicaragua
92%
North korea
92%
Oman
92%
Panama
92%
Paraguay
92%
Peru
92%
Poland
92%
Somalia
92%
South korea
92%
St lucia
92%
St vincent
92%
Sudan
92%
Suriname
92%
Syria
92%
Tanzania
92%
Turkey
92%
Ukraine
92%
United Arab emirates
92%
Uruguay
92%
Vatican city
92%
Venezuela
92%
Yemen
92%
Barbados
85%
Belarus
85%
Belgium
85%
Belize
85%
D.R. Congo
85%
Egypt
85%
El salvador
85%
Estonia
85%
Guinea
85%
Guinea bissau
85%
Honduras
85%
Iran
85%
Iraq
85%
Ivory coast
85%
Jordan
85%
Kazakhstan
85%
Kenya
85%
Libya
85%
Lithuania
85%
Luxembourg
85%
Malta
85%
Mongolia
85%
Morocco
85%
Nauru
85%
Netherlands
85%
Niger
85%
North macedonia
85%
Pakistan
85%
Philippines
85%
Romania
85%
Rwanda
85%
San marino
85%
Saudi arabia
85%
Singapore
85%
South africa
85%
South sudan
85%
Sri lanka
85%
Taiwan
85%
Tajikistan
85%
Trinidad and tobago
85%
Vanuatu
85%
Vietnam
85%
Afghanistan
77%
Albania
77%
Angola
77%
Antigua and barbuda
77%
Bahrain
77%
Bangladesh
77%
Benin
77%
Bhutan
77%
Bulgaria
77%
Burkina Faso
77%
Chad
77%
Cyprus
77%
Czech republic
77%
Djibouti
77%
Equatorial guinea
77%
Ethiopia
77%
F.S. Micronesia
77%
Hungary
77%
Israel
77%
Kosovo
77%
Liberia
77%
Malawi
77%
Malaysia
77%
Maldives
77%
Mali
77%
Mauritania
77%
Myanmar
77%
New zealand
77%
Nigeria
77%
Senegal
77%
Serbia
77%
Solomon islands
77%
St Kitts
77%
Switzerland
77%
Thailand
77%
Togo
77%
Tunisia
77%
Cambodia
69%
Comoros
69%
Jamaica
69%
Kuwait
69%
Laos
69%
Mauritius
69%
Namibia
69%
Nepal
69%
Sierra leone
69%
Slovenia
69%
Zimbabwe
69%
Azerbaijan
62%
Bahamas
62%
Burundi
62%
East timor
62%
Eswatini
62%
Ghana
62%
Grenada
62%
Monaco
62%
Palau
62%
Qatar
62%
Sao Tome and principe
62%
Seychelles
62%
Turkmenistan
62%
Uganda
62%
Uzbekistan
62%
Zambia
62%
Brunei
54%
Fiji
54%
Gambia
54%
Georgia
54%
Kiribati
54%
Marshall islands
54%
Samoa
54%
Tonga
54%
Kyrgyzstan
46%
Tuvalu
46%
No matching quizzes found
Score Distribution
Percent of People with Each Score
Percentile by Number Answered
Your Score History
You have not taken this quiz